000
00305nam a2200133Ia 4500
008
191201s2009 xx 000 0 und d
100
_a
Ramchandran, K.K.
245
0
_a
Business Communication
250
_a
Rep.
260
_a
N.Delhi
_b
Macmillan
_c
2009
300
_a
303
650
_a
MBA
942
_2
ddc
_c
BK
999
_c
4105
_d
4105